Comprehensive Applied Basic Sciences CABS (Record no. 32242)

MARC details
000 -LEADER
fixed length control field 00367nam a22001577a 4500
003 - CONTROL NUMBER IDENTIFIER
control field SGT
020 ## - INTERNATIONAL STANDARD BOOK NUMBER
International Standard Book Number 9789385915642
082 ## - DEWEY DECIMAL CLASSIFICATION NUMBER
Classification number 617.6
Item number C16S
100 ## - MAIN ENTRY--PERSONAL NAME
Personal name Sikri, Vimal K.
245 ## - TITLE STATEMENT
Title Comprehensive Applied Basic Sciences CABS
250 ## - EDITION STATEMENT
Edition statement 1st Ed.
260 ## - PUBLICATION, DISTRIBUTION, ETC. (IMPRINT)
Name of publisher, distributor, etc CBS Publisher Pvt. Ltd.
Year of Publication 2016
300 ## - PAGE DESCRIPTION
No. of Pages 324
653 ## - KEYWORDS--INDEX TERM
Keyword term MDS Examination
942 ## - ADDED ENTRY ELEMENTS (KOHA)
Source of classification or shelving scheme Dewey Decimal Classification
Koha item type Books
Holdings
Withdrawn status Lost status Source of classification or shelving scheme Damaged status Use restrictions Not for loan Home library Current library Date acquired SGTU Total Checkouts Full call number Accession No. (Barcode) Date last seen Bill Date Koha item type
    Dewey Decimal Classification   Restricted Access Not For Loan SGT Dental Library SGT Dental Library 19/08/2025 SGTU   617.6 C16S FD9710 19/08/2025 19/08/2025 Books